Statistics for Cities by suburb: Scandinavia

Click here to take the quiz!

General Stats

  • This quiz has been taken 30 times
  • The average score is 10 of 11

Answer Stats

HintAnswer% Correct
Vanløse, Hellerup, Brønshøj, NørrebroCopenhagen
100%
Pajamäki, Arabianranta, Laakso, KamppiHelsinki
100%
Skuteviken, Stølen, Verftet, NygårdshøydenBergen
96%
Olivedal, Annedal, Hildedal, HögsboGothenburg
96%
Eriksfält, Tygelsjö, Vintrie, HyllieMalmö
96%
Manglerud, Bjerke, MontebelloOslo
96%
Grandar, Skjöl , GerðiReykjavík
92%
Singsaker, Ugla, Munkvoll, ValentinlystTrondheim
83%
Næsby, Bolbro, Holluf Pile, MarienlundOdense
79%
Tuujuk, Quinngorput, QuernertunnguitNuuk
75%
Svartbäcken, Gränby, Nyby, FlogstaUppsala
75%

Score Distribution

Percentile by Number Answered

Percent of People with Each Score

Your Score History

You have not taken this quiz